Abrasax : (Record no. 12425)

MARC details
000 -LEADER
fixed length control field 01906cam a2200385 a 4500
001 - CONTROL NUMBER
control field 4369624
003 - CONTROL NUMBER IDENTIFIER
control field OSt
005 - DATE AND TIME OF LATEST TRANSACTION
control field 20211013134545.0
008 - FIXED-LENGTH DATA ELEMENTS--GENERAL INFORMATION
fixed length control field 900725m19901996gw a b 001 0 ger
010 ## - LIBRARY OF CONGRESS CONTROL NUMBER
LC control number 90178493
020 ## - INTERNATIONAL STANDARD BOOK NUMBER
International Standard Book Number 3531099272 (Bd. 1)
020 ## - INTERNATIONAL STANDARD BOOK NUMBER
International Standard Book Number 3531099329 (Bd. 3)
020 ## - INTERNATIONAL STANDARD BOOK NUMBER
International Standard Book Number 353109940X (Bd. 4)
020 ## - INTERNATIONAL STANDARD BOOK NUMBER
International Standard Book Number 3531099493 (Bd. 5)
040 ## - CATALOGING SOURCE
Original cataloging agency DLC
Transcribing agency HU
Modifying agency DLC
041 1# - LANGUAGE CODE
Language code of text/sound track or separate title ger
-- grc
Language code of original grc
050 00 - LIBRARY OF CONGRESS CALL NUMBER
Classification number PJ1014
Item number .P3 vol. 17
Classification number Z6605.G7
-- BL48
082 00 - DEWEY DECIMAL CLASSIFICATION NUMBER
Classification number 932 s
-- 292.4/3
Edition number 20
245 00 - TITLE STATEMENT
Title Abrasax :
Remainder of title ausgewählte Papyri religiösen und magischen Inhalts /
Statement of responsibility, etc. herausgegeben und erklärt von Reinhold Merkelbach und Maria Totti.
260 ## - PUBLICATION, DISTRIBUTION, ETC.
Place of publication, distribution, etc. Opladen :
Name of publisher, distributor, etc. Westdeutscher Verlag,
Date of publication, distribution, etc. c1990-c1996.
300 ## - PHYSICAL DESCRIPTION
Extent v. <1-5> :
Other physical details ill. ;
Dimensions 24 cm.
490 1# - SERIES STATEMENT
Series statement Abhandlungen der Rheinisch-Westfälischen Akademie der Wissenschaften. Sonderreihe Papyrologica Coloniensia,
International Standard Serial Number 0078-9410 ;
Volume/sequential designation vol. 17
504 ## - BIBLIOGRAPHY, ETC. NOTE
Bibliography, etc. note Includes bibliographical references and indexes.
505 1# - FORMATTED CONTENTS NOTE
Formatted contents note Bd. 1. Gebete -- Bd. 2. Gebete (Fortsetzung) -- Bd. 3. Zwei griechisch-ägyptische Weihezeremonien -- Bd. 4. Exorzismen und jüdisch-christlich beeinflusste Texte -- Bd. 5. Traumtexte
546 ## - LANGUAGE NOTE
Language note German and Greek.
650 #0 - SUBJECT ADDED ENTRY--TOPICAL TERM
Topical term or geographic name entry element Manuscripts, Greek (Papyri)
Geographic subdivision Egypt.
9 (RLIN) 13297
650 #0 - SUBJECT ADDED ENTRY--TOPICAL TERM
Topical term or geographic name entry element Religion
General subdivision Manuscripts.
9 (RLIN) 13298
650 #0 - SUBJECT ADDED ENTRY--TOPICAL TERM
Topical term or geographic name entry element Magic
General subdivision Manuscripts.
9 (RLIN) 13299
700 1# - ADDED ENTRY--PERSONAL NAME
Personal name Merkelbach, Reinhold,
Dates associated with a name 1918-2006.
9 (RLIN) 13300
700 1# - ADDED ENTRY--PERSONAL NAME
Personal name Totti-Gemünd, Maria.
9 (RLIN) 13301
830 #0 - SERIES ADDED ENTRY--UNIFORM TITLE
Uniform title Abhandlungen der Rheinisch-Westfälischen Akademie der Wissenschaften.
Name of part/section of a work Sonderreihe Papyrologica Coloniensia ;
Volume/sequential designation v. 17.
9 (RLIN) 13302
906 ## - LOCAL DATA ELEMENT F, LDF (RLIN)
a 7
b cbc
c orignew
d 2
e ncip
f 19
g y-gencatlg
942 ## - ADDED ENTRY ELEMENTS (KOHA)
Source of classification or shelving scheme Dewey Decimal Classification
Koha item type Books like text book referance book
Suppress in OPAC No
Holdings
Withdrawn status Lost status Source of classification or shelving scheme Damaged status Not for loan Collection code Home library Current library Shelving location Date acquired Total Checkouts Full call number Barcode Date last seen Copy number Price effective from Koha item type
    Dewey Decimal Classification     Non-fiction Wondo Genet Library Wondo Genet Library General Stacks 10/13/2021   579.1757` MOL 2006 WGCFNRL00005330 10/13/2021 1 10/13/2021 Books like text book referance book
    Dewey Decimal Classification     Non-fiction Wondo Genet Library Wondo Genet Library General Stacks 10/13/2021   579.1757` MOL 2006 WGCFNRL00005331 10/13/2021 2 10/13/2021 Books like text book referance book